| 000 | 01281cad a22002415a 4500 | ||
|---|---|---|---|
| 001 | E147687 | ||
| 008 | 090604s2009 xxk f 000 0 eng d | ||
| 035 | _a(Sirsi) u147687 | ||
| 041 | 0 | _aeng | |
| 050 | 0 | 4 | _a306.1 $2 18 |
| 110 | 2 |
_aFinancial Services Authority _94032 |
|
| 245 | 0 | 0 |
_aRegulating sale and rent back _ban interim regime _h[electronic resource] |
| 260 |
_aLondon _bFSA _c2009 |
||
| 490 | 0 |
_aFSA Policy Statement _v(09/9) |
|
| 505 | 2 | _aOverview -- Summary of responses -- Cost-benefit analysis -- Annex 1: list of respondents to CP09/6 -- Appendix 1: near-final rules for interim permitted regulated sale and rent back activities | |
| 520 | _aSets out responses received to a consultation (CP09/6) on FSA regulation of sale and rent back (see L145495 and L146606 for further information), and outlines, in near-final form, the rules and guidance which will apply to such products, once secondary legislation has been passed to bring sale and rent back within the remit of the FSA. | ||
| 521 | _aAdvanced | ||
| 590 | _aKA NTK | ||
| 651 | 4 |
_aUnited Kingdom _y |
|
| 690 |
_aResidential property _96266 |
||
| 856 | 4 | 0 |
_uhttps://www.fsa.gov.uk/pages/Library/Policy/Policy/2009/09_09.shtml _zView the policy statement free of charge at www.fsa.gov.uk... |
| 942 | _n0 | ||
| 999 |
_c109680 _d109680 |
||